| 000 | 00647nam a2200217 a 4500 | ||
|---|---|---|---|
| 008 | |||
| 020 | _a0340645563 (pbk.) | ||
| 049 | _aMAIN | ||
| 090 |
_aTA403 _bLYO |
||
| 100 | 1 | _aLyons, Arthur. | |
| 245 | 1 | 0 |
_aMaterials for architects and builders : _ban introduction / _cArthur Lyons. |
| 260 |
_aLondon : _bArnold, _c1997. |
||
| 300 |
_axiv, 253 p. + [8 p. of plates] : _bill. (some col.) ; _c25 cm. |
||
| 500 | _aIncludes index. | ||
| 650 | 0 | _aBuilding materials. | |
| 907 |
_a.b10001657 _b04-07-11 _c17-04-03 |
||
| 003 | |||
| 005 | 20230123134132.0 | ||
| 040 | _cNUST | ||
| 942 |
_cBOOKS _kTA403 _mLYO |
||
| 999 |
_c160661 _d160661 |
||